00766nam a2200205 a 4500008004100000020001500041050001600056100002600072245003200098260003800130300002200168350000900190500005100199650003100250650001300281700002300294995009400317999001700411952013200428120416s1988 ||||||||||||||||| || u a067520786X aHD 62.7 Zim aScarborough, Norman M10aSmall Business fundamentals aColombusbMerril Publishingc1988 aix, 496 p. : ill. a0.00 aIncludes bibliographical references and index. aSMALL BUSINESS--MANAGEMENT 0aBUSINESS aZimmerer, Thomas W D0.00FCBU-MAIN LIBRARY (Kitwe)H1I15.95M1UDAMAGEDZMain Library Open Access Collection c57569d57569 00102lcc4070a001b001cMain Library Open Access Collectiond2022-11-30l0oHD 62.7 Zimp003872r2022-11-30w2022-11-30y002